| 000 | 00996nam a22002297a 4500 | ||
|---|---|---|---|
| 999 |
_c21114 _d21114 |
||
| 003 | AR-CdUCM | ||
| 008 | 190306b ||||| |||| 00| 0 spa d | ||
| 020 | _a84-278-091-3 | ||
| 040 |
_aMUNICIPALIDAD PROVINCIAL DEL CUSCO _cBIBLIOTECA MUNICIPAL DEL CUSCO |
||
| 082 |
_a858.8 / _bSA18D |
||
| 100 |
_aSalgari, Emilio _9800 |
||
| 245 | _aLa defensa del Chipre / | ||
| 260 |
_aBarcelona : _bNauta, _c1984. |
||
| 300 |
_a12 tomos _bIlustraciones. _c18 cm. |
||
| 440 | _9Nauta | ||
| 505 | _aContenido : t.1 El Capitán Tormenta -- t.2 : La Defensa de Cripre -- t.3 : El León de Damasco -- t.4 : La Galera del Baja -- t.5 : A la Conquista de un Imperio -- t.6 : A Orillas del Brahmaputra -- t.7 : Sandokan -- t.8 : El Desquite de Sandokan -- t.9 : El Corsario Negro -- t.10 : La Carabela Española -- t.11 : Yolanda -- t.12 : La hija del Corsario Negro. | ||
| 650 |
_aNovelas italianas _99329 |
||
| 650 |
_aSiglo XIX _9971 |
||
| 650 |
_aLiteratura _944016 |
||
| 942 |
_2ddc _cLIBROS |
||
| 945 | _aafb | ||